|
|
|
|
| LEADER |
00000cab a2200000 a 4500 |
| 001 |
025438 |
| 003 |
UAHC_CL |
| 005 |
20180807113352.0 |
| 008 |
050614b xx j 000 1 eng |
| 952 |
|
|
|0 0
|1 0
|4 0
|6 ANTIQUITY_275_98_000000000000000
|7 0
|8 General
|9 51602
|a BC
|b BC
|c General
|d 2017-08-03
|l 0
|o ANTIQUITY-275/98
|p FICTICIO423
|r 2019-01-08 00:00:00
|t 1
|w 2017-08-03
|y REVA
|
| 999 |
|
|
|c 25438
|d 25438
|
| 040 |
|
|
|a UAHC_CL
|c UAHC_CL
|d UAHC_CL
|
| 100 |
1 |
|
|a Fulford, Michael
|
| 245 |
1 |
0 |
|a Unpeeling Pompeii /
|c Michael Fulford and Andrew Wallace-Hadrill.
|
| 500 |
|
|
|a Antiquity 72 (1999): 128Ð145
|
| 520 |
|
|
|a Pompeii, recovered from under Vesuvius ash, offers a famous 'frozen moment' in archaeological time: a city as it stood at a certain day. Beyond and beneath the dating evidence visible in its standing buildings is to be found a more archaeological chronology.
|
| 653 |
|
|
|a ANTROPOLOGIA
|
| 700 |
1 |
|
|a Wallace-Hadrill, Andrew
|e coaut.
|
| 773 |
0 |
|
|t Anthropology Today.
|w 025359
|
| 900 |
|
|
|a ANTIQUITY-275/98
|
| 942 |
|
|
|c REVA
|2 ddc
|